[Event "World Chess Olympiad 2018"]
[Site "Batumi"]
[Date "2018.09.26"]
[Round "3"]
[Board "3"]
[WhiteFideId "22000062"]
[White "Salim Issa Ali Shamas"]
[BlackFideId "22400010"]
[Black "Dube Rene"]
[Result "1-0"]
[LiveChessVersion "1.4.8"]
[BlackElo "1743"]
[WhiteElo "1885"]

1. d4 {[%clk 1:30:52]} d5 {[%clk 1:30:43]} 2. c4 {[%clk 1:31:11]} e5
{[%clk 1:30:20]} 3. dxe5 {[%clk 1:31:28]} d4 {[%clk 1:30:22]} 4. e4
{[%clk 1:31:52]} Bb4+ {[%clk 1:28:56]} 5. Bd2 {[%clk 1:31:58]} Qe7
{[%clk 1:27:53]} 6. Qa4+ {[%clk 1:31:06]} Nc6 {[%clk 1:28:02]} 7. Bxb4
{[%clk 1:31:22]} Qxb4+ {[%clk 1:28:13]} 8. Qxb4 {[%clk 1:31:44]} Nxb4
{[%clk 1:28:23]} 9. Kd2 {[%clk 1:31:37]} f5 {[%clk 1:26:32]} 10. exf5
{[%clk 1:29:24]} Bxf5 {[%clk 1:26:34]} 11. Na3 {[%clk 1:29:48]} a6
{[%clk 1:22:23]} 12. Ne2 {[%clk 1:30:05]} O-O-O {[%clk 1:20:56]} 13. Ng3
{[%clk 1:30:27]} Bg6 {[%clk 1:18:57]} 14. Be2 {[%clk 1:30:55]} Ne7
{[%clk 1:17:30]} 15. f4 {[%clk 1:30:44]} h5 {[%clk 1:15:12]} 16. Rhf1
{[%clk 1:30:59]} h4 {[%clk 1:11:04]} 17. Bg4+ {[%clk 1:30:07]} Kb8
{[%clk 1:10:53]} 18. Nh1 {[%clk 1:30:32]} Nf5 {[%clk 1:09:54]} 19. Bxf5
{[%clk 1:28:52]} Bxf5 {[%clk 1:09:56]} 20. Nf2 {[%clk 1:29:20]} g6
{[%clk 0:59:15]} 21. c5 {[%clk 1:29:22]} Nd5 {[%clk 0:58:09]} 22. Nd3
{[%clk 1:29:30]} Rhf8 {[%clk 0:57:27]} 23. g3 {[%clk 1:29:34]} hxg3
{[%clk 0:57:21]} 24. hxg3 {[%clk 1:30:03]} c6 {[%clk 0:56:49]} 25. Nc2
{[%clk 1:28:01]} Ne3 {[%clk 0:56:10]} 26. Rfb1 {[%clk 1:26:50]} Rh8
{[%clk 0:53:16]} 27. Rh1 {[%clk 1:27:14]} Nc4+ {[%clk 0:46:30]} 28. Ke2
{[%clk 1:27:26]} Bxd3+ {[%clk 0:45:23]} 29. Kxd3 {[%clk 1:27:52]} Nxb2+
{[%clk 0:44:38]} 30. Ke4 {[%clk 1:28:21]} Rxh1 {[%clk 0:43:44]} 31. Rxh1 d3 32.
Ne3 {[%clk 1:27:52]} Na4 {[%clk 0:42:04]} 33. Nd1 {[%clk 1:27:34]} Nxc5+
{[%clk 0:41:56]} 34. Ke3 {[%clk 1:28:02]} b5 {[%clk 0:36:54]} 35. Rh6
{[%clk 1:23:32]} Kc7 {[%clk 0:30:50]} 36. Rxg6 {[%clk 1:23:46]} Rh8
{[%clk 0:29:03]} 37. Nf2 {[%clk 1:23:46]} Rh2 {[%clk 0:27:24]} 38. Nxd3
{[%clk 1:24:04]} Nxd3 {[%clk 0:27:44]} 39. Kxd3 {[%clk 1:24:25]} Rxa2
{[%clk 0:27:43]} 40. Rg7+ {[%clk 1:24:45]} Kd8 41. e6 c5 {[%clk 0:25:08]} 42. f5
{[%clk 1:55:04]} c4+ {[%clk 0:54:55]} 43. Ke3 {[%clk 1:55:01]} Ra1
{[%clk 0:36:53]} 44. Rd7+ {[%clk 1:51:20]} Ke8 {[%clk 0:36:46]} 45. Rc7
{[%clk 1:51:22]} Re1+ {[%clk 0:35:47]} 46. Kd4 {[%clk 1:51:12]} Kd8
{[%clk 0:31:07]} 47. Rd7+ {[%clk 1:51:34]} Ke8 {[%clk 0:31:15]} 48. Ra7
{[%clk 1:51:57]} Rf1 {[%clk 0:24:07]} 49. g4 {[%clk 1:51:01]} Rd1+
{[%clk 0:23:28]} 50. Ke5 {[%clk 1:51:14]} c3 {[%clk 0:22:46]} 51. Rc7
{[%clk 1:49:34]} b4 {[%clk 0:22:10]} 52. f6 {[%clk 1:49:55]} Kd8 {[%clk 0:15:25]}
53. Rc4 {[%clk 1:47:32]} Re1+ {[%clk 0:12:10]} 54. Kd6 {[%clk 1:47:44]} Rd1+
{[%clk 0:11:51]} 55. Ke5 {[%clk 1:48:05]} Re1+ {[%clk 0:11:37]} 56. Kf5
{[%clk 1:48:28]} Rf1+ {[%clk 0:10:43]} 57. Kg6 {[%clk 1:48:33]} b3
{[%clk 0:08:10]} 58. e7+ {[%clk 1:48:39]} Kd7 {[%clk 0:06:51]} 59. Rd4+
{[%clk 1:49:00]} Kc7 {[%clk 0:06:52]} 60. e8=Q {[%clk 1:48:59]} c2
{[%clk 0:06:36]} 61. Qd8+ {[%clk 1:47:30]} Kc6 {[%clk 0:06:51]} 62. Qd5+
{[%clk 1:47:40]} Kb6 {[%clk 0:07:01]} 63. Rb4+ {[%clk 1:47:36]} Kc7
{[%clk 0:06:58]} 64. Qc4+ {[%clk 1:47:51]} Kd6 {[%clk 0:07:08]} 65. Qxf1
{[%clk 1:48:07]} Kd5 1-0

[Event "World Chess Olympiad 2018"]
[Site "Batumi"]
[Date "2018.09.26"]
[Round "3"]
[Board "1"]
[WhiteFideId "8401411"]
[White "Miliam Escobar David Isaac"]
[BlackFideId "20700245"]
[Black "Hlophe Smilo"]
[Result "0-1"]
[LiveChessVersion "1.4.8"]
[BlackElo "1608"]
[WhiteElo "1787"]

1. e4 {[%clk 1:30:54]} d5 {[%clk 1:30:56]} 2. exd5 {[%clk 1:31:18]} Qxd5
{[%clk 1:31:24]} 3. Nc3 {[%clk 1:31:37]} Qd6 {[%clk 1:31:53]} 4. Nf3
{[%clk 1:31:16]} Nf6 {[%clk 1:32:13]} 5. d4 {[%clk 1:31:20]} c6 {[%clk 1:32:42]}
6. g3 {[%clk 1:31:28]} Bg4 {[%clk 1:33:05]} 7. Bg2 {[%clk 1:31:48]} e6
{[%clk 1:33:06]} 8. O-O {[%clk 1:32:05]} Be7 {[%clk 1:32:17]} 9. Bf4
{[%clk 1:31:59]} Qb4 {[%clk 1:25:15]} 10. Qd2 {[%clk 1:27:49]} Bxf3
{[%clk 1:17:57]} 11. Bxf3 {[%clk 1:28:12]} Bd6 {[%clk 1:17:46]} 12. Ne4
{[%clk 1:26:26]} Nxe4 {[%clk 1:15:00]} 13. Qxb4 {[%clk 1:26:41]} Bxb4
{[%clk 1:15:19]} 14. Bxe4 {[%clk 1:27:06]} Nd7 {[%clk 1:11:15]} 15. c3
{[%clk 1:26:06]} Be7 {[%clk 1:11:32]} 16. Be3 {[%clk 1:25:14]} Nf6
{[%clk 1:11:41]} 17. Bc2 {[%clk 1:24:27]} a5 {[%clk 1:06:45]} 18. f4
{[%clk 1:24:11]} Nd5 {[%clk 1:04:51]} 19. Bd2 {[%clk 1:24:02]} g6
{[%clk 0:54:10]} 20. Rae1 {[%clk 1:23:18]} Kd7 {[%clk 0:52:01]} 21. Kg2
{[%clk 1:20:38]} Rhe8 {[%clk 0:30:13]} 22. a4 {[%clk 1:20:05]} h5
{[%clk 0:27:46]} 23. Bb3 {[%clk 1:17:42]} Bf6 {[%clk 0:25:57]} 24. Re2
{[%clk 1:13:31]} Bg7 {[%clk 0:23:40]} 25. c4 {[%clk 1:08:30]} Nc7
{[%clk 0:20:51]} 26. Bc3 {[%clk 1:06:42]} b6 {[%clk 0:20:41]} 27. Rd1
{[%clk 1:04:37]} Kc8 {[%clk 0:20:25]} 28. d5 {[%clk 1:03:34]} Bxc3
{[%clk 0:20:46]} 29. bxc3 {[%clk 1:03:56]} Kb7 {[%clk 0:20:07]} 30. d6
{[%clk 1:03:35]} Na6 {[%clk 0:19:19]} 31. d7 {[%clk 1:01:21]} Red8
{[%clk 0:18:56]} 32. Bc2 {[%clk 1:01:09]} Nc5 {[%clk 0:19:00]} 33. Be4
{[%clk 1:00:15]} Rxd7 {[%clk 0:18:36]} 34. Rxd7+ {[%clk 0:59:39]} Nxd7
{[%clk 0:19:04]} 35. Kf3 {[%clk 0:57:25]} Nc5 {[%clk 0:19:14]} 36. Rd2
{[%clk 0:57:09]} Kc7 {[%clk 0:19:26]} 37. Bc2 {[%clk 0:57:00]} Rd8
{[%clk 0:19:45]} 38. Rd4 {[%clk 0:57:04]} f5 {[%clk 0:18:28]} 39. Ke3
{[%clk 0:57:09]} Rd6 {[%clk 0:18:48]} 40. h3 {[%clk 1:27:16]} Rd7
{[%clk 0:48:49]} 41. Kf3 {[%clk 1:27:18]} Re7 {[%clk 0:48:29]} 42. g4
{[%clk 1:26:33]} hxg4+ {[%clk 0:46:41]} 43. hxg4 {[%clk 1:27:01]} Rh7
{[%clk 0:46:50]} 44. Kg3 {[%clk 1:26:37]} Rh1 {[%clk 0:46:27]} 45. gxf5
{[%clk 1:26:11]} gxf5 {[%clk 0:46:42]} 46. Bd1 {[%clk 1:26:30]} Ne4+
{[%clk 0:37:38]} 47. Kg2 {[%clk 1:26:38]} Re1 {[%clk 0:37:57]} 48. Bh5
{[%clk 1:25:59]} Re3 {[%clk 0:37:23]} 49. Bf7 {[%clk 1:25:25]} Nc5
{[%clk 0:37:48]} 50. Kf2 {[%clk 1:20:25]} Rxc3 {[%clk 0:38:07]} 51. Be8
{[%clk 1:20:48]} Rd3 {[%clk 0:37:20]} 0-1

[Event "World Chess Olympiad 2018"]
[Site "Batumi"]
[Date "2018.09.26"]
[Round "3"]
[Board "2"]
[WhiteFideId "20700253"]
[White "Nxumalo Vuyo"]
[BlackFideId "8400555"]
[Black "Miller Marlon"]
[Result "0-1"]
[LiveChessVersion "1.4.8"]
[BlackElo "2028"]
[WhiteElo "1525"]

1. e4 {[%clk 1:30:24]} e6 {[%clk 1:30:49]} 2. d4 {[%clk 1:29:29]} d5
{[%clk 1:31:13]} 3. Nd2 {[%clk 1:29:19]} c5 {[%clk 1:31:37]} 4. Ngf3
{[%clk 1:28:16]} Nc6 {[%clk 1:31:59]} 5. Bb5 {[%clk 1:27:40]} a6 {[%clk 1:19:57]}
6. exd5 {[%clk 1:25:08]} axb5 {[%clk 1:20:11]} 7. dxc6 {[%clk 1:25:11]} bxc6
{[%clk 1:20:38]} 8. c3 {[%clk 1:25:05]} Nf6 {[%clk 1:18:06]} 9. O-O
{[%clk 1:25:13]} cxd4 {[%clk 1:15:14]} 10. Nxd4 {[%clk 1:25:24]} Bd7
{[%clk 1:15:36]} 11. N2f3 {[%clk 1:25:30]} c5 {[%clk 1:13:25]} 12. Ne2
{[%clk 1:23:21]} Be7 {[%clk 1:11:35]} 13. Ng3 {[%clk 1:20:51]} O-O
{[%clk 1:11:19]} 14. Ne5 {[%clk 1:20:16]} Qc7 {[%clk 1:08:36]} 15. Bf4
{[%clk 1:18:16]} Qb7 {[%clk 1:05:02]} 16. Nh5 {[%clk 1:14:55]} Rfd8
{[%clk 0:57:02]} 17. Nxf6+ {[%clk 1:11:43]} Bxf6 {[%clk 0:57:28]} 18. Qh5
{[%clk 1:11:35]} Bc6 {[%clk 0:51:47]} 19. Ng4 {[%clk 1:07:02]} Be7
{[%clk 0:50:47]} 20. Ne5 {[%clk 1:03:03]} Bf8 {[%clk 0:49:21]} 21. Qh3
{[%clk 1:00:54]} Bd5 {[%clk 0:46:14]} 22. a3 {[%clk 1:00:56]} f6 {[%clk 0:46:31]}
23. Ng4 {[%clk 0:58:00]} e5 {[%clk 0:46:41]} 24. Bg3 {[%clk 0:58:04]} b4
{[%clk 0:44:27]} 25. axb4 {[%clk 0:54:34]} Rxa1 {[%clk 0:44:47]} 26. Rxa1
{[%clk 0:54:52]} cxb4 {[%clk 0:45:04]} 27. Ne3 {[%clk 0:53:02]} bxc3
{[%clk 0:43:50]} 28. bxc3 {[%clk 0:51:07]} Bf7 {[%clk 0:41:22]} 29. c4
{[%clk 0:50:01]} Qb2 {[%clk 0:41:22]} 30. Rf1 {[%clk 0:48:02]} Qe2
{[%clk 0:39:24]} 31. Qh4 {[%clk 0:46:01]} Rd4 {[%clk 0:39:20]} 32. Qh3
{[%clk 0:45:13]} Bxc4 {[%clk 0:38:38]} 33. Qc8 {[%clk 0:44:45]} Qd3
{[%clk 0:32:09]} 34. h4 {[%clk 0:43:14]} Bf7 {[%clk 0:31:33]} 35. Rd1
{[%clk 0:41:41]} Qe4 {[%clk 0:31:31]} 36. Ra1 {[%clk 0:41:07]} Ra4
{[%clk 0:31:45]} 37. Rd1 {[%clk 0:40:54]} Qa8 {[%clk 0:30:56]} 38. Qc7
{[%clk 0:40:39]} Ra1 {[%clk 0:31:13]} 39. Kh2 {[%clk 0:40:38]} Rxd1
{[%clk 0:31:15]} 40. Nxd1 {[%clk 1:10:56]} Qe4 {[%clk 1:00:09]} 41. Ne3
{[%clk 1:01:50]} h5 {[%clk 0:54:29]} 42. Qc8 {[%clk 1:01:47]} g6 {[%clk 0:46:39]}
43. Qd8 {[%clk 0:56:56]} f5 {[%clk 0:45:35]} 44. Nd1 {[%clk 0:54:52]} f4
{[%clk 0:46:02]} 45. f3 {[%clk 0:54:43]} fxg3+ {[%clk 0:46:26]} 46. Kxg3
{[%clk 0:54:09]} Qf4+ {[%clk 0:46:28]} 47. Kf2 {[%clk 0:53:26]} Qd4+
{[%clk 0:45:40]} 48. Qxd4 {[%clk 0:53:43]} exd4 {[%clk 0:46:06]} 49. Nb2
{[%clk 0:52:37]} Kg7 {[%clk 0:45:56]} 50. g4 {[%clk 0:52:36]} Kf6
{[%clk 0:46:17]} 51. Ke2 {[%clk 0:52:01]} Ba3 {[%clk 0:46:34]} 52. Nd3
{[%clk 0:51:27]} Bc4 {[%clk 0:46:36]} 53. Kd2 {[%clk 0:51:31]} Bxd3
{[%clk 0:46:54]} 54. Kxd3 {[%clk 0:51:38]} Ke5 {[%clk 0:47:10]} 55. gxh5
{[%clk 0:51:08]} gxh5 {[%clk 0:47:35]} 56. f4+ {[%clk 0:50:55]} Kd5
{[%clk 0:48:00]} 57. f5 {[%clk 0:50:37]} Be7 0-1

[Event "World Chess Olympiad 2018"]
[Site "Batumi"]
[Date "2018.09.26"]
[Round "3"]
[Board "3"]
[WhiteFideId "2212552"]
[White "Huguet Sergio"]
[BlackFideId "20700059"]
[Black "Mziyako Sobhi"]
[Result "1-0"]
[LiveChessVersion "1.4.8"]
[BlackElo "1405"]
[WhiteElo "2053"]

1. e4 {[%clk 1:30:56]} c5 {[%clk 1:30:44]} 2. Nc3 {[%clk 1:30:56]} d6
{[%clk 1:30:49]} 3. f4 {[%clk 1:30:44]} e6 {[%clk 1:30:34]} 4. Nf3
{[%clk 1:30:29]} Nc6 {[%clk 1:30:40]} 5. Bb5 {[%clk 1:28:58]} Nge7
{[%clk 1:30:13]} 6. O-O {[%clk 1:27:46]} a6 {[%clk 1:30:35]} 7. Bxc6+
{[%clk 1:26:49]} Nxc6 {[%clk 1:30:55]} 8. d3 {[%clk 1:26:12]} Be7
{[%clk 1:31:15]} 9. Ne2 {[%clk 1:16:34]} O-O {[%clk 1:29:49]} 10. Be3
{[%clk 1:11:30]} b6 {[%clk 1:26:41]} 11. c3 {[%clk 1:06:21]} Bb7 {[%clk 1:26:08]}
12. g4 {[%clk 1:04:52]} f5 {[%clk 1:21:08]} 13. gxf5 {[%clk 0:56:29]} exf5
{[%clk 1:20:37]} 14. Ng3 {[%clk 0:55:20]} fxe4 {[%clk 1:07:32]} 15. dxe4
{[%clk 0:54:41]} Kh8 {[%clk 1:02:27]} 16. Qd3 {[%clk 0:49:03]} Qc7
{[%clk 0:59:18]} 17. Nf5 {[%clk 0:45:25]} Rad8 {[%clk 0:52:10]} 18. h4
{[%clk 0:43:36]} g6 {[%clk 0:48:54]} 19. Nxe7 {[%clk 0:38:50]} Qxe7
{[%clk 0:49:14]} 20. Rae1 {[%clk 0:33:33]} Qf6 {[%clk 0:42:53]} 21. Bd2
{[%clk 0:30:13]} b5 {[%clk 0:37:11]} 22. c4 {[%clk 0:26:04]} b4 {[%clk 0:37:29]}
23. b3 {[%clk 0:25:44]} Rd7 {[%clk 0:32:38]} 24. Re2 {[%clk 0:24:37]} h6
{[%clk 0:30:10]} 25. Bc1 {[%clk 0:21:32]} Qe6 {[%clk 0:26:23]} 26. Bb2+
{[%clk 0:14:43]} Kh7 {[%clk 0:24:46]} 27. f5 {[%clk 0:14:01]} gxf5
{[%clk 0:24:39]} 28. exf5 {[%clk 0:13:59]} Qxf5 {[%clk 0:21:45]} 29. Ng5+
{[%clk 0:14:28]} Kg6 {[%clk 0:16:54]} 30. Rxf5 {[%clk 0:14:05]} Rxf5
{[%clk 0:17:15]} 31. Re6+ {[%clk 0:14:09]} Kh5 {[%clk 0:16:34]} 32. Qxf5
{[%clk 0:14:06]} 1-0

[Event "World Chess Olympiad 2018"]
[Site "Batumi"]
[Date "2018.09.26"]
[Round "3"]
[Board "4"]
[WhiteFideId "20700784"]
[White "Sihlongonyane Sikhanyiso"]
[BlackFideId "8400342"]
[Black "Medina Viana Ricardo"]
[Result "1/2-1/2"]
[LiveChessVersion "1.4.8"]
[BlackElo "2048"]
[WhiteElo "1408"]

1. e4 {[%clk 1:30:39]} e5 {[%clk 1:30:06]} 2. Nf3 {[%clk 1:30:59]} Nc6
{[%clk 1:30:00]} 3. Bb5 {[%clk 1:30:49]} a6 {[%clk 1:28:59]} 4. Ba4
{[%clk 1:30:56]} b5 {[%clk 1:28:46]} 5. Bb3 {[%clk 1:31:18]} Bc5 {[%clk 1:28:40]}
6. O-O {[%clk 1:31:17]} Nf6 {[%clk 1:29:05]} 7. d3 {[%clk 1:31:24]} h6
{[%clk 1:29:05]} 8. c3 {[%clk 1:31:44]} d6 {[%clk 1:28:32]} 9. h3
{[%clk 1:32:02]} Qe7 {[%clk 1:28:06]} 10. Nbd2 {[%clk 1:31:45]} g5
{[%clk 1:20:12]} 11. Re1 {[%clk 1:26:13]} g4 {[%clk 1:18:35]} 12. hxg4
{[%clk 1:26:39]} Bxg4 {[%clk 1:18:53]} 13. Nf1 {[%clk 1:22:02]} Kd7
{[%clk 1:06:34]} 14. Be3 {[%clk 1:20:06]} Rag8 {[%clk 1:03:44]} 15. Bxc5
{[%clk 1:17:15]} dxc5 {[%clk 1:03:59]} 16. Ne3 {[%clk 1:16:17]} Nh5
{[%clk 0:38:45]} 17. Bd5 {[%clk 1:15:44]} Bxf3 {[%clk 0:28:02]} 18. Qxf3
{[%clk 1:15:41]} Nf4 {[%clk 0:28:10]} 19. g3 {[%clk 1:09:06]} Nd8
{[%clk 0:27:00]} 20. Kf1 {[%clk 1:09:15]} Nfe6 {[%clk 0:22:28]} 21. Bxe6+
{[%clk 1:00:07]} fxe6 {[%clk 0:22:40]} 22. Ke2 {[%clk 1:00:17]} Nf7
{[%clk 0:19:47]} 23. Ng4 {[%clk 0:52:59]} Rg6 {[%clk 0:19:58]} 24. Rh1
{[%clk 0:50:15]} h5 {[%clk 0:16:46]} 25. Qxf7 {[%clk 0:47:50]} Rxg4
{[%clk 0:15:51]} 26. Qxe7+ {[%clk 0:47:39]} Kxe7 {[%clk 0:16:15]} 27. Rh2
{[%clk 0:47:44]} Rg7 {[%clk 0:13:36]} 28. Rah1 {[%clk 0:47:58]} Rgh7
{[%clk 0:13:48]} 29. Rh4 {[%clk 0:46:47]} Kf6 {[%clk 0:12:14]} 30. g4
{[%clk 0:45:47]} Kg6 {[%clk 0:12:29]} 31. gxh5+ {[%clk 0:45:46]} Rxh5
{[%clk 0:12:33]} 32. Rxh5 {[%clk 0:46:12]} Rxh5 {[%clk 0:12:57]} 33. Rxh5
{[%clk 0:46:37]} Kxh5 {[%clk 0:13:26]} 34. Ke3 {[%clk 0:46:38]} Kg4
{[%clk 0:09:05]} 35. d4 {[%clk 0:45:06]} cxd4+ {[%clk 0:09:25]} 36. cxd4
{[%clk 0:45:34]} exd4+ {[%clk 0:09:32]} 37. Kxd4 {[%clk 0:46:01]} Kf4
{[%clk 0:09:45]} 38. b4 {[%clk 0:45:25]} e5+ {[%clk 0:09:51]} 39. Kd5
{[%clk 0:40:40]} c6+ {[%clk 0:10:02]} 1/2-1/2

[Event "World Chess Olympiad 2018"]
[Site "Batumi"]
[Date "2018.09.26"]
[Round "3"]
[Board "1"]
[WhiteFideId "23800011"]
[White "Bailey Matthew"]
[BlackFideId "1018000"]
[Black "Blijstra Wim"]
[Result "0-1"]
[LiveChessVersion "1.4.8"]
[BlackElo "2211"]
[WhiteElo "1060"]

1. e4 {[%clk 1:30:46]} c5 {[%clk 1:30:47]} 2. Nf3 {[%clk 1:30:54]} d6
{[%clk 1:31:13]} 3. d4 {[%clk 1:31:17]} cxd4 {[%clk 1:31:37]} 4. Nxd4
{[%clk 1:31:43]} Nf6 {[%clk 1:32:04]} 5. Nc3 {[%clk 1:32:02]} a6 {[%clk 1:32:32]}
6. Be3 {[%clk 1:32:17]} e5 {[%clk 1:30:06]} 7. Nb3 {[%clk 1:32:41]} Be6
{[%clk 1:30:32]} 8. f3 {[%clk 1:32:33]} h5 {[%clk 1:30:00]} 9. Qd2
{[%clk 1:32:43]} Nbd7 {[%clk 1:30:20]} 10. O-O-O {[%clk 1:31:03]} b5
{[%clk 1:30:11]} 11. h3 {[%clk 1:30:40]} Be7 {[%clk 1:30:15]} 12. Be2
{[%clk 1:30:20]} h4 {[%clk 1:30:33]} 13. Nd5 {[%clk 1:29:37]} Bxd5
{[%clk 1:29:28]} 14. exd5 {[%clk 1:29:54]} Nb6 {[%clk 1:28:30]} 15. Bxb6
{[%clk 1:30:04]} Qxb6 {[%clk 1:28:58]} 16. Na5 {[%clk 1:28:23]} Nh5
{[%clk 1:25:37]} 17. Nc6 {[%clk 1:27:49]} Bf6 {[%clk 1:25:45]} 18. Qb4
{[%clk 1:26:14]} O-O {[%clk 1:18:43]} 19. Rhe1 {[%clk 1:25:18]} Nf4
{[%clk 1:16:46]} 20. Bf1 {[%clk 1:23:41]} Qc7 {[%clk 1:14:10]} 21. Qe4
{[%clk 1:23:35]} Rac8 {[%clk 1:13:04]} 22. Bd3 {[%clk 1:23:55]} g6
{[%clk 1:13:05]} 23. Rg1 {[%clk 1:23:47]} Bg5 {[%clk 1:06:16]} 24. Kb1
{[%clk 1:23:18]} f5 {[%clk 1:05:41]} 25. Qe1 {[%clk 1:22:49]} Nxd5
{[%clk 1:02:37]} 26. Na5 {[%clk 1:22:07]} Nf4 {[%clk 0:58:51]} 27. g3
{[%clk 1:22:04]} hxg3 {[%clk 0:57:59]} 28. Rxg3 {[%clk 1:22:13]} Bh4
{[%clk 0:58:08]} 29. Rxg6+ {[%clk 1:21:29]} Nxg6 {[%clk 0:58:23]} 30. Qg1
{[%clk 1:20:59]} Kh7 {[%clk 0:58:41]} 31. Nb3 {[%clk 1:20:42]} d5
{[%clk 0:57:22]} 32. Qg2 {[%clk 1:20:15]} Nf4 {[%clk 0:43:42]} 33. Qg4
{[%clk 1:19:37]} Bf2 {[%clk 0:40:35]} 34. Bxf5+ {[%clk 1:19:39]} Rxf5
{[%clk 0:40:59]} 35. Qxf5+ {[%clk 1:19:12]} Kg8 {[%clk 0:38:06]} 36. Qg5+
{[%clk 1:17:09]} Qg7 {[%clk 0:38:19]} 37. Qf5 {[%clk 1:14:52]} Rf8
{[%clk 0:38:47]} 38. Qg4 {[%clk 1:14:38]} Qxg4 {[%clk 0:38:57]} 39. hxg4
{[%clk 1:14:20]} Kg7 {[%clk 0:38:35]} 40. Rf1 {[%clk 1:14:00]} Bb6
{[%clk 0:38:24]} 41. Re1 {[%clk 1:13:45]} Kf6 {[%clk 0:36:09]} 42. Nd2
{[%clk 1:13:03]} Rh8 {[%clk 0:36:15]} 43. Kc1 {[%clk 1:12:20]} Rh2
{[%clk 0:35:37]} 44. c3 {[%clk 1:12:15]} Bf2 {[%clk 0:35:48]} 45. Rf1
{[%clk 1:12:14]} Be3 {[%clk 0:36:14]} 46. Rd1 {[%clk 1:12:25]} Rf2
{[%clk 0:36:27]} 47. Kc2 {[%clk 1:12:37]} Kg5 {[%clk 0:36:26]} 48. b4
{[%clk 1:11:22]} Ne6 {[%clk 0:36:35]} 49. Kd3 {[%clk 1:11:17]} Rxd2+
{[%clk 0:36:57]} 50. Rxd2 {[%clk 1:11:43]} Bxd2 {[%clk 0:37:19]} 51. Kxd2
{[%clk 1:11:29]} Kf4 {[%clk 0:29:42]} 52. Ke2 {[%clk 1:11:55]} Ng5
{[%clk 0:29:57]} 0-1

[Event "World Chess Olympiad 2018"]
[Site "Batumi"]
[Date "2018.09.26"]
[Round "3"]
[Board "1"]
[WhiteFideId "15700356"]
[White "Altaye Girum Teklewold"]
[BlackFideId "10800166"]
[Black "Magana Ben"]
[Result "0-1"]
[LiveChessVersion "1.4.8"]
[BlackElo "2074"]
[WhiteElo "1986"]

1. e4 {[%clk 1:30:48]} e5 {[%clk 1:30:19]} 2. Nf3 {[%clk 1:31:06]} Nc6
{[%clk 1:30:43]} 3. Bb5 {[%clk 1:31:26]} a6 {[%clk 1:30:45]} 4. Ba4
{[%clk 1:31:46]} Nf6 {[%clk 1:30:42]} 5. O-O {[%clk 1:31:55]} Be7
{[%clk 1:11:58]} 6. Re1 {[%clk 1:31:54]} b5 {[%clk 1:12:20]} 7. Bb3
{[%clk 1:32:11]} O-O {[%clk 1:12:19]} 8. c3 {[%clk 1:32:23]} d5 {[%clk 1:11:27]}
9. exd5 {[%clk 1:31:48]} Nxd5 {[%clk 1:11:25]} 10. Nxe5 {[%clk 1:30:42]} Nxe5
{[%clk 1:11:45]} 11. Rxe5 {[%clk 1:30:53]} Nf6 {[%clk 1:09:27]} 12. d4
{[%clk 1:16:05]} Bd6 {[%clk 1:09:55]} 13. Re1 {[%clk 1:15:36]} Ng4
{[%clk 1:09:59]} 14. h3 {[%clk 1:06:25]} Qh4 {[%clk 1:09:20]} 15. Qf3
{[%clk 1:06:20]} Nxf2 {[%clk 1:09:38]} 16. Qxf2 {[%clk 1:05:47]} Bh2+
{[%clk 1:09:56]} 17. Kf1 {[%clk 1:02:33]} Bg3 {[%clk 1:10:23]} 18. Qe3
{[%clk 0:59:37]} Bxh3 {[%clk 1:10:34]} 19. Bd5 {[%clk 0:39:57]} Rae8
{[%clk 1:10:55]} 20. Qxe8 {[%clk 0:38:43]} Be6 {[%clk 1:09:43]} 21. Qc6
{[%clk 0:16:43]} Qh1+ {[%clk 1:03:15]} 22. Ke2 {[%clk 0:16:55]} Qxe1+
{[%clk 1:03:25]} 23. Kd3 {[%clk 0:16:11]} Qxc1 {[%clk 1:00:22]} 24. a4
{[%clk 0:16:16]} Qxb2 {[%clk 1:00:31]} 25. Ra2 {[%clk 0:13:02]} Qxb1+
{[%clk 0:59:51]} 26. Rc2 {[%clk 0:13:14]} Bxd5 {[%clk 0:59:01]} 27. Qxd5
{[%clk 0:13:20]} Qf1+ {[%clk 0:58:53]} 28. Re2 {[%clk 0:12:52]} Re8
{[%clk 0:59:17]} 29. Qf3 {[%clk 0:13:06]} Qxe2+ {[%clk 0:59:40]} 30. Qxe2
{[%clk 0:13:20]} Rxe2 {[%clk 1:00:09]} 31. Kxe2 {[%clk 0:13:30]} bxa4
{[%clk 1:00:24]} 32. Kd1 {[%clk 0:13:08]} f5 {[%clk 1:00:52]} 33. Kc2
{[%clk 0:13:25]} f4 {[%clk 1:01:20]} 34. Kb2 {[%clk 0:13:51]} g5 {[%clk 1:01:33]}
35. c4 {[%clk 0:14:13]} g4 {[%clk 1:02:00]} 36. c5 {[%clk 0:14:19]} f3
{[%clk 1:02:25]} 0-1

[Event "World Chess Olympiad 2018"]
[Site "Batumi"]
[Date "2018.09.26"]
[Round "3"]
[Board "2"]
[WhiteFideId "10802088"]
[White "Ngani Victor"]
[BlackFideId "15700739"]
[Black "Ghebrehiwet Haftom Ghebremedhn"]
[Result "0-1"]
[LiveChessVersion "1.4.8"]
[BlackElo "1979"]
[WhiteElo "2022"]

1. e4 {[%clk 1:30:58]} c5 {[%clk 1:30:55]} 2. Nf3 {[%clk 1:31:25]} Nc6
{[%clk 1:31:21]} 3. d4 {[%clk 1:31:51]} cxd4 {[%clk 1:31:47]} 4. Nxd4
{[%clk 1:32:17]} g6 {[%clk 1:32:14]} 5. Nc3 {[%clk 1:32:20]} Bg7 {[%clk 1:32:40]}
6. Be3 {[%clk 1:32:48]} Nf6 {[%clk 1:33:03]} 7. Bc4 {[%clk 1:32:51]} O-O
{[%clk 1:33:28]} 8. Bb3 {[%clk 1:33:18]} d6 {[%clk 1:33:32]} 9. f3
{[%clk 1:33:40]} Na5 {[%clk 1:33:21]} 10. Qd2 {[%clk 1:32:35]} Bd7
{[%clk 1:33:26]} 11. h4 {[%clk 1:21:28]} h5 {[%clk 1:28:00]} 12. O-O-O
{[%clk 1:21:48]} Nxb3+ {[%clk 1:28:22]} 13. Nxb3 {[%clk 1:21:14]} b5
{[%clk 1:28:07]} 14. Bh6 {[%clk 1:12:33]} a5 {[%clk 1:28:07]} 15. g4
{[%clk 1:12:23]} a4 {[%clk 1:24:19]} 16. Nd4 {[%clk 1:12:36]} Qa5
{[%clk 1:00:25]} 17. Rdg1 {[%clk 1:04:18]} a3 {[%clk 0:58:42]} 18. Bxg7
{[%clk 0:59:17]} axb2+ {[%clk 0:58:13]} 19. Kb1 {[%clk 0:59:38]} Kxg7
{[%clk 0:58:19]} 20. Qg5 {[%clk 0:39:57]} Qxc3 {[%clk 0:41:40]} 21. gxh5
{[%clk 0:39:37]} Rxa2 0-1